000 01119cam a2200349 a 4500
001 22449
003 SK-KTurca
005 20260328122138.0
008 240226s1993 xo gr 000 f slo
015 _aSNBA1993
020 _a8022004871
_q(viazané)
035 _aSNK000016285
040 _aSNK
_bslo
_cSNK
_eAACR2
041 1 _aslo
_heng
044 _axo
_cSK
072 7 _a821.111-3
_xAnglická próza, anglicky písaná
_2konspekt
080 _a821.111-31
_22011
080 _a(0:82-312.4)
_22011
100 1 _aForsyth, Frederick,
_d1938-2025
_4aut
240 1 4 _aThe deceiver
_lSlovensky
245 1 0 _aFalošný hráč
_cFrederick Forsyth ; z anglického originálu The deceiver ... preložil Ján Voderadský
250 _a1. vyd.
260 _aBratislava
_bSlovenský spisovateľ
_c1993
300 _a483 strán
_c21 cm
500 _aPoznámky pod čiarou
655 7 _ašpionážne romány
_2SNKPH
655 7 _aanglické romány
_2SNKPH
700 1 _aVoderadský, Ján,
_d1950-
_4trl
942 _2ddc
_cKLDO
_n0
999 _c22449
_d22449